LEADER 00638nab a2200145 i 4500 001 000000276911 003 CaOOAMICUS 005 20120221000000.0 008 120221n xx uu u0 0und r 013 $a26971 040 $aSeMil$bita 245 10$aSettimana dal 13 al 19 febbraio. - [76] p. - Titolo dalla copertina. - In copertina :$bServizi disponibili in rete. 500 $a[N. 1980-1981]. 773 0 $t[2012.$dRoma : Società per l'Informazione Religiosa (SIR), stampa 2012.$w()210060 996 $6245$aSettimana dal 13 al 19 febbraio. - [76] p. - Titolo dalla copertina. - In copertina :$bServizi disponibili in rete.$9(OLS)http://semarc/title/362065 LEADER 00698nam a2200169 i 4500 001 000000197420 003 CaOOAMICUS 005 20251218121057.0 008 110211s1970 it u000 u ita u 040 $aSeMil$bita 245 10$a1. Dalla 1. domenica di Avvento al martedì prima delle Ceneri. 300 $a131 p. 773 0 $aChiesa Cattolica$tMessale romano domenicale, festivo, feriale.$d[Roma] : Conferenza Episcopale Italiana, 1970-1971.$g1$w()24281 850 $aSeMil 852 $aSeMil$W1$xVenegono$y1$m3KK VI 24/1$j265563$B147979$CSeMilBibl$Z2$F159424 $8I 996 $6245$a1. Dalla 1. domenica di Avvento al martedì prima delle Ceneri$9(OLS)http://semarc/title/285053